Seize and hold : (Record no. 186037)

000 -LEADER
fixed length control field 01134 a2200229 4500
003 - CONTROL NUMBER IDENTIFIER
control field NUST
005 - DATE AND TIME OF LATEST TRANSACTION
control field 20221222184338.0
010 ## - LIBRARY OF CONGRESS CONTROL NUMBER
LC control number 94167791
020 ## - INTERNATIONAL STANDARD BOOK NUMBER
International Standard Book Number 1854091875
035 ## - SYSTEM CONTROL NUMBER
System control number (OCoLC)30034556
040 ## - CATALOGING SOURCE
Transcribing agency Nust
082 00 - DEWEY DECIMAL CLASSIFICATION NUMBER
Classification number 355,PER
100 1# - MAIN ENTRY--PERSONAL NAME
Personal name Perrett, Bryan.
9 (RLIN) 48666
245 10 - TITLE STATEMENT
Title Seize and hold :
Remainder of title master strokes on the battlefield /
Statement of responsibility, etc. Bryan Perrett.
260 ## - PUBLICATION, DISTRIBUTION, ETC.
Place of publication, distribution, etc. London :
Name of publisher, distributor, etc. Arms and Armour ;
Place of publication, distribution, etc. New York, NY :
Name of publisher, distributor, etc. Sterling Pub. Co. [distributor],
Date of publication, distribution, etc. c1994.
300 ## - PHYSICAL DESCRIPTION
Extent 224 p., [16] p.
Other physical details ill., maps ;
Dimensions 24 cm.
505 ## - FORMATTED CONTENTS NOTE
Formatted contents note Opening the Iron Gate (Page-11),Young Mister Rommel (Page-25), Polish Eagle And Russian Bear (Page-44), The Third Dimension (Page-60), The Road to Beda Fomm (Page-82), Deep Strike (Page-106), Hill 309 and the Bridge at 637436 (Page-123), Meiktial The Master Stroke (Page-141), Taken at a Run the Capture of the Ludendorff (Page-160), Going for the Jugular (Page-175), Earthquake on Chu Pong (Page-196).
650 #0 - SUBJECT ADDED ENTRY--TOPICAL TERM
Topical term or geographic name entry element Battles.
9 (RLIN) 48667
650 #0 - SUBJECT ADDED ENTRY--TOPICAL TERM
Topical term or geographic name entry element Military history, Modern.
856 41 - ELECTRONIC LOCATION AND ACCESS
Materials specified Table of contents only
Uniform Resource Identifier <a href="http://www.loc.gov/catdir/toc/fy0714/94167791.html">http://www.loc.gov/catdir/toc/fy0714/94167791.html</a>
942 ## - ADDED ENTRY ELEMENTS (KOHA)
Source of classification or shelving scheme
Koha item type Book
Call number prefix 355,PER
Holdings
Withdrawn status Lost status Source of classification or shelving scheme Damaged status Not for loan Permanent Location Current Location Shelving location Date acquired Full call number Barcode Date last seen Price effective from Koha item type Public note
          Military College of Signals (MCS) Military College of Signals (MCS) General Stacks 12/12/2016 355,PER MCS27597 12/08/2016 12/12/2016 Book Almirah No.51, Shelf No.2
© 2023 Central Library, National University of Sciences and Technology. All Rights Reserved.